| 000 | 01606cam a22003371i 4500 | ||
|---|---|---|---|
| 003 | SA-RiAUC | ||
| 005 | 20241016102124.0 | ||
| 008 | 241007s1925 ua ah g 000r0 ara c | ||
| 040 |
_aSA-RiAUC _bara _cSA-RiAUC _erda |
||
| 043 | _aa-su--- | ||
| 082 | 0 | 4 | _a915.3121 |
| 090 |
_aن 915.3121 ر ف ع _b ر ف ع |
||
| 100 | 1 |
_aرفعت، إبراهيم، _cباشا، _d1273-1353 هجري _eمؤلف. |
|
| 245 | 1 | 0 |
_aمرآة الحرمين، أو، الرحلات الحجازية والحج ومشاعره الدينية : _bمحلاة بمئات الصور الشمسية / _cتأليف ورسم اللواء إبراهيم رفعت باشا. |
| 246 | 3 | 3 | _aالرحلات الحجازية والحج ومشاعره الدينية |
| 250 | _aالطبعة الأولى. | ||
| 264 | 1 |
_aالقاهرة : _bدار الكتب المصرية، _c1925 |
|
| 300 |
_a2 مجلد : _bجداول، صور، مثيلات ؛ _c24 سم |
||
| 336 |
_aنص _btxt _2rdacontent _3كتاب |
||
| 337 |
_aبدون وسيط _bn _2rdamedia |
||
| 338 |
_aمجلد _bnc _2rdacarrier |
||
| 500 | _aيشتمل على كشاف بنهاية كل مجلد. | ||
| 650 | 7 |
_aالأماكن المقدسة الإسلامية _zالسعودية _2aucsh |
|
| 650 | 7 |
_aالحج _2aucsh |
|
| 651 | 7 |
_aالسعودية _xوصف ورحلات _2aucsh |
|
| 651 | 7 |
_aمكة المكرمة _xوصف ورحلات _2aucsh |
|
| 651 | 7 |
_aالمدينة المنورة _xوصف ورحلات _2aucsh |
|
| 651 | 7 |
_aالحجاز (السعودية) _xوصف ورحلات _2aucsh |
|
| 942 |
_2ddc _cRARE BOOK _n0 |
||
| 949 |
_aSA-JeALM _d241007 _umohamedma123 _n1 |
||
| 999 |
_c1429 _d1429 |
||